000 00552nam a22001697a 4500
999 _c60517
_d60517
005 20230810140140.0
008 230810s1979 enk||||| |||| 00| 0 eng d
020 _a0198131771x
041 _aeng
080 _a902 C-59
100 _aClark, Giles
_919657
245 _aPre-Roman and Roman Winchester:
_bPart 2: The Roman Cemetery at Lankhills /
_c Giles Clark (Author), J. L. Macdonald (Author), & 2 more.
264 _aOxford,
_c1979.
300 _a450 p. :
_bill.;
_c30 cm.
700 _aMacdonald, J.L.
_eავტორი
_919658
942 _2udc
_cBK